01445nam a2200277 a 4500001001000000005001700010008004100027041000800068044000700076084002000083100004500103245012600148260003500274300002200309500027300331500008500604500014600689500001000835546002500845650005200870650005600922650003400978650004501012700006001057740005001117BRCA_301420190320204054.0200109s1738----fr-a---###---#000-0#fre-u afre afr a334b.R54c17381 aCervantes Saavedra, Miguel ded1547-161610aHistorie de l´Admirable Don Quichotte de la ManchecMiguel de Cervantes Saavedra ; Traduite par Filleau de Saint-Martin. aLyon (Francia)bRigolletc1738 a6 v.bil.c17 cm. aContenido : v 1. Primera parte. Aviso del editor. Texto. -- v 2. Texto. -- v 3. Segunda parte. Texto. -- v 4. Segunda parte. -- v 5. Primera parte de la continuación escrita por el traductor. Texto. -- v 6. Segunda parte de la continuación escrita por el traductor aEdición : Nouvelle Edition Revuëe Corrigée et Augmentée Considerablement aReproducción exacta de la edición de Amaulry de 1717-21, y con las mismas láminas. Piel; lomeras decoradas con dorados Lúdovik Osterc aQM262 aTexto en : francés14aNovela españolayÉpoca clásica, 1500-170014aLiteratura españolayÉpoca clásica, 1500-170014aNovela españolaySiglo XVII14aDon Quijote (Personaje ficticio)eNovela1 aSaint-Martin, Francois Filleau ded1632-1695eTraductor0 aEl Ingenioso Hidalgo Don Quijote de la Mancha